| 000 | 00363 a2200169 4500 | ||
|---|---|---|---|
| 001 | 73715 | ||
| 020 | _a | ||
| 040 | _cAnchieta - Colégio São Paulo | ||
| 100 | _aBandeira, Manuel | ||
| 240 | 1 | 0 |
_aOs melhores poemas _lpor |
| 245 | 1 | 0 | _aOs melhores poemas |
| 300 | _a158 | ||
| 362 | 0 | _a1989 | |
| 440 | 1 | _aGlobal | |
| 650 | 4 | _aPoesia brasileira | |
| 942 | _cBK | ||
| 999 |
_c73715 _d73715 |
||